Pokédex 7G (dans l’ordre) - Statistiques

Statistiques générales
  • Ce quiz a été pris 18 fois
    16 depuis la dernière actualisation
  • Le résultat moyen est 27 sur 107
Statistiques - réponses
° Pokémon % Correct
001 Brindibou
100%
003 Archéduc
86%
002 Efflèche
86%
004 Flamiaou
86%
012 Bazoucan
79%
006 Félinferno
79%
005 Matoufeu
79%
009 Oratoria
79%
007 Otaquin
79%
008 Otarlette
79%
010 Picassaut
79%
014 Argouste
71%
013 Manglouton
71%
011 Piclairon
71%
103 Ama-Ama
29%
095 Bamboiselle
29%
019 Chrysapile
29%
097 Engloutyran
29%
020 Lucanon
29%
015 Rattata
29%
016 Rattatac
29%
032 Rocabot
29%
091 Zéroïd
29%
039 Araqua
21%
030 Bombydou
21%
094 Câblifère
21%
093 Cancrelove
21%
087 Cosmog
21%
088 Cosmovum
21%
096 Katagami
21%
018 Larvibule
21%
033 Lougaroc
21%
090 Lunala
21%
099 Magearna
21%
046 Malamandre
21%
102 Mandrillon
21%
100 Marshadow
21%
?02 Melmetal
21%
?01 Meltan
21%
092 Mouscoto
21%
098 Necrozma
21%
089 Solgaleo
21%
043 Spododo
21%
040 Tarenbulle
21%
086 Tokopisco
21%
084 Tokopiyon
21%
083 Tokorico
21%
085 Tokotoro
21%
045 Tritox
21%
101 Vémini
21%
105 Zeraora
21%
058 Bacabouh
14%
80 Bébécaille
14%
066 Boumata
14%
038 Bourrinos
14%
051 Candine
14%
049 Chelours
14%
060 Concombaffe
14%
025 Crabagarre
14%
026 Crabominable
14%
050 Croquine
14%
072 Denticrisse
14%
065 Dodoala
14%
073 Draïeul
14%
081 Écaïd
14%
082 Ékaïser
14%
042 Floramantis
14%
034 Froussardine
14%
054 Gouroutan
14%
069 Gravalanch
14%
070 Grolem
14%
024 Grotadmorv
14%
053 Guérilande
14%
044 Lampignon
14%
064 Météno
14%
021 Miaouss
14%
041 Mimantis
14%
071 Mimiqui
14%
048 Nounourson
14%
047 Ossatueur
14%
022 Persian
14%
104 Pierroteknik
14%
029 Plumeline
14%
036 Prédastérie
14%
055 Quartermac
14%
068 Racaillou
14%
017 Raichu
14%
031 Rubombelle
14%
057 Sarmuraï
14%
062 Silvallié
14%
056 Sovkipou
14%
052 Sucreine
14%
023 Tadmorv
14%
027 Taupiqueur
14%
037 Tiboudet
14%
067 Togedemaru
14%
059 Trépassable
14%
028 Triopikeur
14%
061 Type:0
14%
035 Vorastérie
14%
063 Zygarde
14%
077 Feunard
7%
076 Goupix
7%
079 Noadkoko
7%
074 Sabelette
7%
075 Sablaireau
7%
078 Sinistrail
7%
Aucun quiz correspondant
Distribution des résultats
% des personnes avec chaque résultat
Percentile par nombre de réponses
Votre historique - résultats
Vous n’avez pas pris ce quiz depuis la dernière actualisation